The mythical man-month : essays on software engineering
Αποθηκεύτηκε σε:
| Κύριος συγγραφέας: | |
|---|---|
| Μορφή: | Βιβλίο |
| Γλώσσα: | English |
| Δημοσίευση: |
Reading, Mass. :
Addison-Wesley Pub. Co.,
[1975]
|
| Θέματα: | |
| Ετικέτες: |
Προσθήκη ετικέτας
Δεν υπάρχουν, Καταχωρήστε ετικέτα πρώτοι!
|
MARC
| LEADER | 00000cam a2200000 i 4500 | ||
|---|---|---|---|
| 001 | 1/78422 | ||
| 008 | 950215s1975 eng d | ||
| 020 | |a 0-201-00650-2 | ||
| 035 | |a 1988 |b 3 |c Ανθουλιάς |l 10032919 | ||
| 040 | |a GR-MY-UA |b gre |e aacr | ||
| 041 | 0 | |a eng | |
| 082 | 0 | |a 005.1 | |
| 100 | 1 | |a Brooks, Frederick P. |q (Frederick Philips) | |
| 245 | 1 | 4 | |a The mythical man-month : |b essays on software engineering / |c Frederick P. Brooks, Jr |
| 260 | |a Reading, Mass. : |b Addison-Wesley Pub. Co., |c [1975] | ||
| 300 | |a xi, 195 p.; |b ill.; |c 23 cm | ||
| 504 | |a Includes bibliographical references and index | ||
| 650 | 0 | 0 | |a Software engineering. |
| 852 | |a INST |b CHIOS |e 19950215 |h 005.1068 BRO |p 005200006858 |q 005200006858 |t BK |y 0 | ||
| 852 | |a INST |b RHODES |e 19980826 |h 005.1 BRO |p 005400004066 |q 005400004066 |t BK |y 0 | ||
| 909 | |a Ρ |b 011948 |c 1988 | ||